Penyusunan salasilah bahasa di Malaysia
| Main Author: | |
|---|---|
| Other Authors: | |
| Format: | Book |
| Published: |
Bangi :
Penerbit UKM ,
1986
|
| Subjects: |
MARC
| LEADER | 00000cam a2200000 7i4500 | ||
|---|---|---|---|
| 001 | 0000000534 | ||
| 002 | 000000619 | ||
| 005 | 20000330.0 | ||
| 020 | |a T000000117 | ||
| 090 | 0 | 0 | |a 499.28 |b BLU |
| 100 | 0 | |a Blust, R.A | |
| 245 | 1 | 0 | |a Penyusunan salasilah bahasa di Malaysia |c R.A Blist, dikumpulkan oleh James T. Collins |
| 260 | |a Bangi : |b Penerbit UKM , |c 1986 | ||
| 300 | |a 138p | ||
| 650 | 0 | 0 | |a Malay language |
| 700 | 1 | |a Collins, James T | |
| 999 | |a 007 |b BUKU |c PINJAMAN |e PERPUSTAKAAN KOMUNITI PETALING JAYA | ||